| 000 | 00446nam a2200181Ia 4500 | ||
|---|---|---|---|
| 005 | 20250603145143.0 | ||
| 008 | 250603s9999 xx 000 0 und d | ||
| 020 | _a8171698360 | ||
| 050 | _aJZ 1242 .R38/ | ||
| 100 | _aRathod, P. B. | ||
| 245 | 0 | _aInternational relations: concepts and theories | |
| 260 | _aNew Delhi | ||
| 260 | _bCommonwealth Publishers Ltd. | ||
| 260 | _c2018 | ||
| 300 | _a256 p | ||
| 650 | _aNew Delhi | ||
| 942 | _cBK | ||
| 999 |
_c41033 _d41033 |
||